| 000 | 00722cam a2200265Ia 4500 | ||
|---|---|---|---|
| 001 | 42279 | ||
| 005 | 20230410101734.0 | ||
| 008 | 890208s1988 fr 000 0 fre | ||
| 010 | _a 89869090 | ||
| 035 | _a(OCoLC)ocm19325830 | ||
| 040 |
_aDLC _cDLC _dOCL _dMTH |
||
| 020 | _a2866002989 | ||
| 020 | _a9782866002985 | ||
| 035 | _a(OCoLC)19325830 | ||
| 050 | 1 | 4 |
_a110 PQ 3949.2 _bS721r 1988 |
| 100 | 1 | _aSoukar, Michel. | |
| 245 | 1 | 0 |
_aRequiem pour un empire paien / _cMichel Soukar. |
| 260 |
_aParis : _bPublisud, _cc1988. |
||
| 300 |
_a141 p. ; _c22 cm. |
||
| 490 | 0 | _aCollection Intermonde littérature | |
| 650 | 4 | _aCEH | |
| 650 | 4 | _aColeccion Estudios Haitianos | |
| 942 |
_2lcc _cbk |
||
| 994 |
_aC0 _bDRFGD |
||
| 999 |
_c13159 _d13159 |
||